| 000 | 00748nam a2200241 a 4500 | ||
|---|---|---|---|
| 001 | 5847 | ||
| 003 | BD-RjUL | ||
| 005 | 20211208234135.0 | ||
| 008 | 140107t1965 -cn b 001 0 eng d | ||
| 020 | _a0770512925 | ||
| 035 | _a(BD-RjUL)5886 | ||
| 040 |
_aLC _beng _cLC _dBD-RjUL |
||
| 041 | _aeng | ||
| 082 | 0 | 4 |
_a352.0080971 _bROY 1965 |
| 100 | 1 |
_aRowat, Donald C. _q(Donald Cameron), _d1921- _918359 |
|
| 245 | 1 | 0 |
_aYour local government : _ba sketch of the municipal system in Canada / _cby Donald C. Rowat. |
| 260 |
_aToronto : _bMacmillan of Canada, _c1965. |
||
| 300 |
_aix, 148 p. ; _c20 cm. |
||
| 504 | _aIncludes index and bibliography. | ||
| 650 | 0 |
_aMunicipal government _zCanada. _918360 |
|
| 942 |
_2ddc _cBK |
||
| 999 |
_c5847 _d5847 |
||